000
00278nam a22001217a 4500
008
180213b xxu||||| |||| 00| 0 eng d
041
_a
eng
080
_a
62
100
_a
27
101
_a
ENG
245
_a
SOIL WATER CONSERVATION ENGINEERING
_c
RICHARD.K.F
942
_2
udc
_c
BK
999
_c
42391
_d
42391